<?xml version="1.0" encoding="UTF-8"?>
<record
    xmlns:xsi="http://www.w3.org/2001/XMLSchema-instance"
    xsi:schemaLocation="http://www.loc.gov/MARC21/slim http://www.loc.gov/standards/marcxml/schema/MARC21slim.xsd"
    xmlns="http://www.loc.gov/MARC21/slim">

  <leader>03161njm a22004934c 4500</leader>
  <controlfield tag="001">197741</controlfield>
  <controlfield tag="003">ES-MaACL</controlfield>
  <controlfield tag="005">20250903063115.0</controlfield>
  <controlfield tag="007">sd*fsngnnmmned</controlfield>
  <controlfield tag="008">250509s2021    sp fmn   d          ast  </controlfield>
  <datafield tag="015" ind1=" " ind2=" ">
    <subfield code="a">SON21</subfield>
  </datafield>
  <datafield tag="017" ind1=" " ind2=" ">
    <subfield code="a">AS 1906-2021</subfield>
    <subfield code="b">Oficina Dep&#xF3;sito Legal Asturias</subfield>
  </datafield>
  <datafield tag="020" ind1=" " ind2=" ">
    <subfield code="a">9788418482281</subfield>
  </datafield>
  <datafield tag="024" ind1="3" ind2=" ">
    <subfield code="a">9788418482281</subfield>
  </datafield>
  <datafield tag="035" ind1=" " ind2=" ">
    <subfield code="a">(SpMaBN)a7125020</subfield>
  </datafield>
  <datafield tag="040" ind1=" " ind2=" ">
    <subfield code="a">SpMaBN</subfield>
    <subfield code="b">spa</subfield>
    <subfield code="c">SpMaBN</subfield>
    <subfield code="e">rda</subfield>
  </datafield>
  <datafield tag="041" ind1="1" ind2=" ">
    <subfield code="d">ast</subfield>
    <subfield code="d">spa</subfield>
    <subfield code="e">ast</subfield>
    <subfield code="e">spa</subfield>
    <subfield code="g">ast</subfield>
    <subfield code="g">spa</subfield>
  </datafield>
  <datafield tag="245" ind1="1" ind2="0">
    <subfield code="a">Di&#xE1;logos / </subfield>
    <subfield code="c">Joaqu&#xED;n Pix&#xE1;n ; autor&#xED;a musical, Joaqu&#xED;n P. Fuertes ; transcripci&#xF3;n y autor&#xED;a pian&#xED;stica, Manuel Pacheco.</subfield>
    <subfield code="b">[Grabaci&#xF3;n sonora]</subfield>
  </datafield>
  <datafield tag="250" ind1=" " ind2=" ">
    <subfield code="a">Primera edici&#xF3;n</subfield>
  </datafield>
  <datafield tag="264" ind1=" " ind2="1">
    <subfield code="a">[Oviedo] : </subfield>
    <subfield code="b">Servicio de Publicaciones de la Universidad de Oviedo,</subfield>
    <subfield code="c">[2021].</subfield>
  </datafield>
  <datafield tag="300" ind1=" " ind2=" ">
    <subfield code="a">1 disco (CD Audio) + </subfield>
    <subfield code="e">1 libro (52 p&#xE1;ginas sin numerar)</subfield>
  </datafield>
  <datafield tag="336" ind1=" " ind2=" ">
    <subfield code="a">M&#xFA;sica interpretada</subfield>
    <subfield code="2">rdacontent</subfield>
  </datafield>
  <datafield tag="337" ind1=" " ind2=" ">
    <subfield code="a">audio</subfield>
    <subfield code="2">rdamedia</subfield>
  </datafield>
  <datafield tag="338" ind1=" " ind2=" ">
    <subfield code="a">disco sonoro</subfield>
    <subfield code="2">rdacarrier</subfield>
  </datafield>
  <datafield tag="344" ind1=" " ind2=" ">
    <subfield code="a">digital</subfield>
    <subfield code="b">&#xF3;ptico</subfield>
    <subfield code="g">est&#xE9;reo</subfield>
  </datafield>
  <datafield tag="347" ind1=" " ind2=" ">
    <subfield code="a">archivo sonoro</subfield>
    <subfield code="b">CD-Audio</subfield>
  </datafield>
  <datafield tag="500" ind1=" " ind2=" ">
    <subfield code="a">Libro con fotograf&#xED;as de autores e int&#xE9;rpretes, introducciones y letra de los poemas en bable y espa&#xF1;ol</subfield>
  </datafield>
  <datafield tag="505" ind1="0" ind2=" ">
    <subfield code="a">Parte I, nuevas canciones dialogadas: Alcuentru / texto, Mar&#xED;a Esther Garc&#xED;a L&#xF3;pez. Di&#xE1;logo entre luz y sombra / texto, Xuan Bello. Nac&#xED; donde los r&#xED;os / texto, &#xC1;ngel Fierro. Xuego de manos ; L.luz de Pe&#xF1;es / texto, Aurelio Gonz&#xE1;lez Ovies. M&#xE1;s claro el agua / texto, Javier Almuzara. Se&#xF1;ard&#xE1; / texto, Mar&#xED;a Esther Garc&#xED;a L&#xF3;pez. El cantar de la nublina / texto, Xuan Bello. Los glayos del espino ; No amar y noche es lo mismo / texto, &#xC1;ngel Fierro. La cuesti&#xF3;n palpitante / texto, Javier Almuzara -- Intermedio: Fantas&#xED;a (Son D'Arriba) / m&#xFA;sica, J.P. Fuertes. Rosa nevada / texto, Antonio Gamoneda -- Parte II, viejas canciones dialogadas: Atapeciendo. Qu&#xED;tate de la esquina. Anque to padre nun quiera. &#xBF;&#xD3;nde vas a dar agua?. Ayer vite na fonte. Vaqueiras de car&#xE9;u</subfield>
  </datafield>
  <datafield tag="508" ind1=" " ind2=" ">
    <subfield code="a">Producci&#xF3;n de Joaqu&#xED;n P&#xE9;rez Fuertes para Andante Producciones Culturales, S.L.</subfield>
  </datafield>
  <datafield tag="511" ind1="1" ind2=" ">
    <subfield code="a">Joaqu&#xED;n Pix&#xE1;n, David Men&#xE9;ndez, Dolores Granados, Judit Mart&#xED;nez, int&#xE9;rpretes vocales l&#xED;ricos ; Joaqu&#xED;n Pix&#xE1;n, Cristina S&#xE1;nchez, Jos&#xE9; Tronco, Lorena Corripio, Luisa Mart&#xED;nez, Mar&#xED;a Luisa &#xC1;lvarez, Mari Luz Crist&#xF3;bal, Patricia Pariente, int&#xE9;rpretes de canto tradicional ; Manuel Pacheco, piano ; Mart&#xED;n P&#xE9;rez, flauta ; Nel P&#xE9;rez, clarineta</subfield>
  </datafield>
  <datafield tag="518" ind1=" " ind2=" ">
    <subfield code="a">Grabado en la Colegiata del Palacio de Revillagigedo (Gij&#xF3;n) en septiembre de 2019</subfield>
  </datafield>
  <datafield tag="651" ind1=" " ind2="0">
    <subfield code="a">Asturias (Comunidad Aut&#xF3;noma)</subfield>
    <subfield code="2">embne</subfield>
    <subfield code="9">241304</subfield>
  </datafield>
  <datafield tag="655" ind1=" " ind2="0">
    <subfield code="a">Canciones tradicionales</subfield>
    <subfield code="2">tgfbne</subfield>
    <subfield code="9">241305</subfield>
  </datafield>
  <datafield tag="655" ind1=" " ind2="0">
    <subfield code="a">Canciones</subfield>
    <subfield code="2">tgfbne</subfield>
    <subfield code="9">241306</subfield>
  </datafield>
  <datafield tag="655" ind1=" " ind2="0">
    <subfield code="a">Adaptaciones musicales</subfield>
    <subfield code="9">241307</subfield>
  </datafield>
  <datafield tag="700" ind1="1" ind2=" ">
    <subfield code="a">Fuertes, Joaqu&#xED;n P</subfield>
    <subfield code="9">241308</subfield>
  </datafield>
  <datafield tag="700" ind1="1" ind2=" ">
    <subfield code="a">Pix&#xE1;n, Joaqu&#xED;n</subfield>
    <subfield code="d">1950-</subfield>
    <subfield code="9">241309</subfield>
  </datafield>
  <datafield tag="700" ind1="1" ind2=" ">
    <subfield code="a">Pacheco, Manuel</subfield>
    <subfield code="9">88127</subfield>
  </datafield>
  <datafield tag="852" ind1=" " ind2=" ">
    <subfield code="a">ES-MaACL</subfield>
    <subfield code="c">DEPOJ</subfield>
    <subfield code="j">N-10606</subfield>
    <subfield code="x">Encuadernaci&#xF3;n carton&#xE9;</subfield>
    <subfield code="h">Donaci&#xF3;n: Editorial</subfield>
    <subfield code="9">206729</subfield>
  </datafield>
  <datafield tag="942" ind1=" " ind2=" ">
    <subfield code="c">DVD</subfield>
    <subfield code="n">0</subfield>
  </datafield>
  <datafield tag="999" ind1=" " ind2=" ">
    <subfield code="c">197741</subfield>
    <subfield code="d">197741</subfield>
  </datafield>
  <datafield tag="952" ind1=" " ind2=" ">
    <subfield code="0">0</subfield>
    <subfield code="1">0</subfield>
    <subfield code="2">udc</subfield>
    <subfield code="4">0</subfield>
    <subfield code="7">0</subfield>
    <subfield code="a">ATENEOM</subfield>
    <subfield code="b">ATENEOM</subfield>
    <subfield code="c">DEPOJ</subfield>
    <subfield code="d">2025-08-30</subfield>
    <subfield code="e">DONACION</subfield>
    <subfield code="l">0</subfield>
    <subfield code="o">N-10606</subfield>
    <subfield code="p">2025-1105</subfield>
    <subfield code="r">2025-08-30 00:00:00</subfield>
    <subfield code="w">2025-08-30</subfield>
    <subfield code="y">MONOGRAFIA</subfield>
  </datafield>
</record>
